00496 2200181 4500001002100000008004100021035002000062245006100082100001600143250001000159260003500169300001900204020002200223084001800245082001100263650002900274990001100303INLIS000000000013302 ind  a0010-0722000786 aMenangis Bersama NabicERWIN Umar; editor, Kamalul Fikri aERWIN, Umar acet.1 aYogyakarta :bDiva Pressc2018 a249 hlmc20 cm a978-602-391-478-4 a297.911 ERW m a297911 aISLAM-SEJARAH ZAMAN NABI a8447 a